000 00421nmm a2200145Ia 4500
008 251105s9999||||xx |||||||||||||||||und||
041 _aspa
100 _aSeglers Gómez-Quintero, Àlex
245 0 _aLa laicidad
264 _a[Madrid, España] :
_bUniversitat Oberta de Catalunya,
_c2015
300 _a122 páginas
650 _aReligion(s)
856 _uhttps://public.digitaliapublishing.com/a/43988
942 _cCF
999 _c105750
_d105750